Vícekriteriální model formování koalic

Modelovanie tvorby koalíc ako viackriteriálny problém. Hra je definovaná množinou politických strán a množinou politických programov. Koaličný program je vytvorený ako vážený priemer politických programov. Cieľom volebnej strany je minimalizovať maximálnu vzdialenosť medzi koaličným a vlastným progr...

Full description

Saved in:
Bibliographic Details
Main Author: Tichá, Michaela
Other Authors: Dlouhý, Martin
Format: Book Chapter
Language:Czech
Subjects:
Tags: Add Tag
No Tags, Be the first to tag this record!

MARC

LEADER 00000nla a2200000 4500
001 0240912
005 20240417075132.5
041 0 |a cze 
044 |a CZ 
245 1 0 |a Vícekriteriální model formování koalic  |c Michaela Tichá, Martin Dlouhý 
520 |a Modelovanie tvorby koalíc ako viackriteriálny problém. Hra je definovaná množinou politických strán a množinou politických programov. Koaličný program je vytvorený ako vážený priemer politických programov. Cieľom volebnej strany je minimalizovať maximálnu vzdialenosť medzi koaličným a vlastným programom, maximalizovať svoju relatívnu moc v koalícii a maximalizovať stabilitu koalície. Model je aplikovaný na Poslaneckú snemovňu Parlamentu ČR v období 2013-2017. 
610 2 0 |a modelovanie 
610 2 0 |a modely 
610 2 0 |a teória hier 
610 2 0 |a strany politické 
610 2 0 |a koalícia 
610 2 0 |a politológia 
610 2 0 |a Česko 
100 1 |a Tichá, Michaela 
700 1 |a Dlouhý, Martin